Úloha lymfadenektómie v chirurgickej liečbe nádorov v urologickej lokalizácii

Bibliographic Details
Main Author: Horňák, Michal, 1929-2016 (Author)
Format: Article
Language:Slovak
Subjects:

MARC

LEADER 00000cab a2200000 a 4500
001 vtls011431048
003 SK-MaSNL
005 20260304030530.0
008 230313|2005 xo |||||||||||||||||slo|
015 |a SNBRB 
035 |a vtls008415435 
035 |a urn:nbn:sk:snk-ab6mnj 
035 |a (uuid)847c8f98-3465-4693-840f-0f20e72c07e8 
035 |a (urnnbn)urn:nbn:sk:snk:ar-005hv0 
040 |a SNKBUCL  |b slo  |c SNKBUCL  |e AACR2 
041 0 |a slo  |b eng  |b slo 
044 |a xo  |c SK 
080 |a 616.428-089.842:616.6-006  |2 1997 
100 1 |a Horňák, Michal,  |d 1929-2016  |4 aut  |9 25820 
245 1 0 |a Úloha lymfadenektómie v chirurgickej liečbe nádorov v urologickej lokalizácii  |c Michal Horňák 
246 3 1 |a The role of lymph node dissection in the surgical management of tumours in urological localisation 
504 |a Obsahuje bibliografické odkazy 
650 0 7 |a excízia lymfatickej uzliny  |2 snkbucl  |9 1195838 
650 0 7 |a urologické nádory  |2 snkbucl  |9 1308951 
650 0 7 |a karcinóm renálnych buniek  |2 snkbucl  |9 1308940 
650 0 7 |a nádory testes  |2 snkbucl  |9 1308952 
650 0 7 |a nádory penisu  |2 snkbucl  |9 1308953 
650 0 7 |a nádory močového mechúra  |2 snkbucl  |9 20101 
650 0 7 |a nádory prostaty  |2 snkbucl  |9 20100 
655 7 |a štúdie  |2 snkbucl  |9 57033 
773 0 |t Lekársky obzor  |g Roč. 54, č. 5 (2005), s. 198-201 
954 |a odborná, vedecká literatúra pôvodná (slovenská)  |2 lita 
958 |a OND 
958 |a EUIPO 
958 |a article_dop4 
999 |c 2634489  |d 2636419